000 00824nam a2200253 a 4500
999 _c12610
_d12610
001 12610
003 BD-JhCC
005 20221017074714.0
008 221017s20172018bg |||| |||| 000 0 ban d
020 _a9847012006603
035 _a(BD-JhCC)12610
040 _aBD-JhCC
_dBD-JhCC
041 _aBangla
082 _a923
_bNOM 2018
100 _aনোমান, স্বকৃত
245 _aইবনে সিনা /
_cস্বকৃত নোমান
260 _aঢাকা :
_bকথাপ্রকাশ,
_c২০১৮
300 _a১০৩ পৃ. :
_c২১ সেমি.
490 _aজীবনী গ্রন্থমালা
504 _aগ্রন্থপঞ্জি অর্ন্তভূক্ত।
600 _aSina, Ibn
_d980-1037
650 _aBiography
942 _2ddc
_cBK